000 01326cab a2200373 4500
001 ABS50068
008 090401t1993 xxu||||| |||| 00| 0 eng d
035 _a(Sirsi) u73976
041 _aeng
100 _aHalliday, S.
245 3 _aAn environmental code of practice for building services
260 _c1993
350 _a0
490 _aProperty Management
_v11(4) Autumn 1993, 293-300(8)
520 _aReports on the preparation of BSRIA`s "Environmental Code of Practice", which provides guidance on design, refurbishment, maintenance and demolition with regard to the environmental impact. Also describes the use of the Code in an overall environmental strategy in accordance with BS7750.
650 _aBS 7750
650 _aBSRIA
650 _aBUILDINGS
650 _aCODE OF PRACTICE
650 _aDEMOLITION
650 _aDESIGN
650 _aENVIRONMENTAL MANAGEMENT
650 _aENVIRONMENTAL STRATEGY
650 _aGREEN ISSUES
650 _aGUIDANCE
650 _aLIFE CYCLE
650 _aBUILT ENVIRONMENT-BUILDING MAINTENANCE AND REFURBISHMENT
650 _aProperty management
_96262
650 _aBUILT ENVIRONMENT-BUILDING MAINTENANCE AND REFURBISHMENT
690 _aBUILT ENVIRONMENT
690 _aENVIRONMENTAL AND LAND CONSULTANCY
942 _n0
948 _c04/03/1997
999 _c46691
_d46691